Evaluación del área de Fast Food de la cadena OXXO a través del análisis del comportamiento del consumidor y el posicionamiento de la misma en base a un comparativo con su competencia directa 7 Eleven /

שמור ב:
מידע ביבליוגרפי
מחבר ראשי: Méndez Gutiérrez, Gabriela (autor)
פורמט: Tesis ספר
שפה:ספרדית
יצא לאור: Guadalajara, México : edición de autor, 2006
נושאים:
תגים: הוספת תג
אין תגיות, היה/י הראשונ/ה לתייג את הרשומה!

MARC

LEADER 00000nam^a2200000^a^4500
001 000187938
005 20250521000000.0
009 20260310102321.066
037 |a Acervo ITESO - Biblioteca 
041 |a ESP 
090 |a MKT. 20 
100 |a Méndez Gutiérrez, Gabriela  |e (autor) 
240 1 1 |a [Evaluación del área de Fast Food de la cadena Oxxo a través del análisis del comportamiento del consumidor y el posicionamiento de la misma en base a un comparativo con su competencia directa 7 Eleven] 
245 1 0 |a Evaluación del área de Fast Food de la cadena OXXO a través del análisis del comportamiento del consumidor y el posicionamiento de la misma en base a un comparativo con su competencia directa 7 Eleven /  |c G. Méndez Gutiérrez. 
264 1 |a Guadalajara, México :  |b edición de autor,  |c 2006 
300 |a 1 disco compacto de computadora 
336 |a datos para computadora  |b cod  |2 rdacontenido 
337 |a computadora  |b c  |2 rdamedio 
338 |a disco de computadora  |b cd  |2 rdasoporte 
502 |a ITESO Tesis de Maestría en Mercadotecnia Global 
530 |a Existe una edición en formato digital en línea con el mismo título 
649 |a XX 
650 |a Transnacionales en México -  |x Administración 
650 |a Empresas -  |z México -  |x Administración 
650 |a Supermercados -  |z México -  |x Administración -  |x Tema Principal 
650 |a Hábitos Alimenticios 
650 |a Comportamiento del Consumidor -  |x Tema Principal 
650 |a Posicionamiento del Servicio 
650 |a Segmentación del Mercado 
650 |a Competencia (Economía) 
650 |a Estrategia Mercadotécnica 
650 |a Investigación de Mercado 
650 |a Mercadotecnia de Servicios 
650 |a Mercadotecnia 
650 |a Ciencias Administrativas 
910 |a Fondo General 
920 |a Electrónicos - Tesis del ITESO en Disco 
905 |a 202 
901 |a 0500130517  |b IT2  |c STS  |u 20250521 
902 |a https://opac.biblio.iteso.mx/vufind/Record/000187938